| 000 | 00343nam a2200133Ia 4500 | ||
|---|---|---|---|
| 008 | 240624s9999 xx 000 0 und d | ||
| 041 | _aeng | ||
| 082 | _a658 MOD | ||
| 100 | _aMODH SATISH | ||
| 245 | _aETHICAL MANAGEMENT TEXT AND CASES IN BUS | ||
| 260 |
_c2005 _aDelhi _bMacmillan India |
||
| 300 | _axvii, : 216 : p. : cm. ; 24 | ||
| 365 | _cRS | ||
| 999 |
_c2538 _d2538 |
||